000 00427nam a2200157Ia 4500
008 210716s2005 xx 000 0 und d
020 _a8178295393
041 _aeng
082 _a174.9363 SIDM
100 _aSiddiqui, Moid.
245 _aCorporate soul: the monk within the manager.
_bMonk within the manager.
250 _a1
260 _aNew Delhi
_bResponse Books
_c2005
300 _a300
650 _aGeneral Management
999 _c199451
_d199451